Selby D C v Samuel Smith Old Brewery (Tadcaster) Ltd (Record no. 65776)
[ view plain ]
| 000 -LEADER | |
|---|---|
| fixed length control field | 00961cam a2200217 4500 |
| 001 - CONTROL NUMBER | |
| control field | ABS63346 |
| 008 - FIXED-LENGTH DATA ELEMENTS--GENERAL INFORMATION | |
| fixed length control field | 000000n2001 000 0 eng u |
| 035 ## - SYSTEM CONTROL NUMBER | |
| System control number | (Sirsi) u110300 |
| 245 ## - TITLE STATEMENT | |
| Title | Selby D C v Samuel Smith Old Brewery (Tadcaster) Ltd |
| 260 ## - PUBLICATION, DISTRIBUTION, ETC. | |
| Date of publication, distribution, etc. | 2001 |
| 490 ## - SERIES STATEMENT | |
| Series statement | Estates Gazette |
| Volume/sequential designation | (0101) 6 January 2001, 82-89(8) |
| 520 ## - SUMMARY, ETC. | |
| Summary, etc. | CA 26 May 2000. The issue was over entitlement to easements by the vendor, the brewery (Ss), over land sold by the council (S). No actual easement was expressly granted but SS contended that these rights were quasi-easements. It was decided that, under condition 5(3) of the Law Society's general conditions of sale, they were not established easements. Appeal dismissed. |
| 590 ## - LOCAL NOTE (RLIN) | |
| Local note | ABS |
| 650 ## - SUBJECT ADDED ENTRY--TOPICAL TERM | |
| Topical term or geographic name entry element | SELBY DC V SAMUEL SMITH OLD BREWERY LTD |
| 650 ## - SUBJECT ADDED ENTRY--TOPICAL TERM | |
| Topical term or geographic name entry element | EASEMENTS |
| 650 ## - SUBJECT ADDED ENTRY--TOPICAL TERM | |
| Topical term or geographic name entry element | VENDORS |
| 650 ## - SUBJECT ADDED ENTRY--TOPICAL TERM | |
| Topical term or geographic name entry element | PURCHASERS |
| 650 ## - SUBJECT ADDED ENTRY--TOPICAL TERM | |
| Topical term or geographic name entry element | CONDITIONS OF SALE |
| 690 ## - LOCAL SUBJECT ADDED ENTRY--TOPICAL TERM (OCLC, RLIN) | |
| Topical term or geographic name as entry element | PROPERTY AND LAND LAW-CONVEYANCING |
| 942 ## - ADDED ENTRY ELEMENTS (KOHA) | |
| Suppress in OPAC | 0 |
| Withdrawn status | Lost status | Source of classification or shelving scheme | Damaged status | Not for loan | Home library | Current library | Shelving location | Date acquired | Total Checkouts | Full call number | Barcode | Date last seen | Copy number | Price effective from | Koha item type |
|---|---|---|---|---|---|---|---|---|---|---|---|---|---|---|---|
| Dewey Decimal Classification | London | London | Journal article | 10/01/2001 | ABS63346 | 110300-1001 | 06/08/2019 | 1 | 06/08/2019 | Journal article |